Tallest Buildings In Each U.S. State - Statistics

General Stats
  • This quiz has been taken 27 times
  • The average score is 5 of 50
Answer Stats
% Correct
Chicago IL 1,729 ft. Willis Tower
91%
New York NY 1,776 ft. One World Trade Center
87%
Phoenix AZ 483 ft. Chase Tower
22%
Philadelphia PA 973 ft. Comcast Center
17%
Oklahoma City OK 844 ft. Devon Tower
17%
Boston MA 790 ft. John Hancock Tower
17%
Los Angeles CA 1,100 ft. Wilshire Grand Center
17%
Atlanta GA 1,023 ft. Bank Of America Plaza
13%
Sioux Falls SD 174 ft. CenturyLink Tower
13%
Houston TX 1,002 ft. JPMorgan Chase Tower
13%
Bismarck ND 242 ft. North Dakota State Capitol
13%
Salt Lake City UT 422 ft. Wells Fargo Center
13%
Portland OR 546 ft. Wells Fargo Center
13%
Charleston WV 292 ft. West Virginia State Capitol
13%
Laramie WY 200 ft. White Hall
13%
Biloxi MS 346 ft. Beau Rivage Casino Hotel
9%
Seattle WA 967 ft. Columbia Center
9%
Anchorage AK 296 ft. ConocoPhillips Building
9%
Burlington VT 124 ft. Decker Towers
9%
Boise ID 323 ft. Eighth & Main
9%
Miami FL 868 ft. Panorama Tower
9%
Indianapolis IN 811 ft. Salesforce Tower
9%
Wilmington DE 360 ft. 1201 North Market Street
4%
Louisville KY 549 ft. 400 West Market
4%
Des Moines IA 630 ft. 801 Grand
4%
Nashville TN 617 ft. AT&T Building
4%
Minneapolis MN 775 ft. Capella Tower
4%
Columbia SC 349 ft. Capitol Center
4%
Manchester NH 275 ft. City Hall Plaza
4%
Hartford CT 537 ft. City Place 1
4%
Honolulu HI 429 ft. First Hawaiian Center
4%
Billings MT 272 ft. First Interstate Center
4%
Kansas City MO 654 ft. One Kansas City Place
4%
Baltimore MD 528 ft. Transamerica Tower
4%
Milwaukee WI 601 ft. U.S. Bank Center
4%
Virginia Beach VA 508 ft. Westin Virginia Beach Town Center
4%
Wichita KS 385 ft. 250 Douglas Place
0%
Albuquerque NM 351 ft. Albuquerque Plaza Office Tower
0%
Charlotte NC 871 ft. Bank Of America Corporate Center
0%
Detroit MI 755 ft. Detroit Marriott at the Renaissance Center
0%
Omaha NE 634 ft. First National Bank Tower
0%
Portland ME 175 ft. Franklin Towers
0%
Jersey City NJ 781 ft. Goldman Sachs Tower
0%
New Orleans LA 697 ft. Hancock Whitney Center
0%
Providence RI 428 ft. Industrial National Bank Building
0%
Denver CO 717 ft. Republic Plaza
0%
Mobile AL 745 ft. RSA Battle House Tower
0%
Little Rock AR 547 ft. Simmons Bank Tower
0%
Cleveland OH 709 ft. Terminal Tower Residences
0%
Las Vegas NV 642 ft. The Palazzo
0%
No matching quizzes found
Score Distribution
Percent of People with Each Score
Percentile by Number Answered
Your Score History
You have not taken this quiz